[Event "Gothenburg Manhem Elo"]
[Site "Gothenburg"]
[Date "2017.08.16"]
[Round "6"]
[White "Orci, Istvan"]
[Black "Wesslen, Ulf"]
[Result "1/2-1/2"]
[WhiteElo "1561"]
[BlackElo "1947"]
[PlyCount "83"]
[EventDate "2017.08.12"]
[EventType "tourn"]
[EventRounds "9"]
[EventCountry "SWE"]
[SourceTitle "EXT 2019"]
[Source "ChessBase"]
[SourceDate "2018.10.10"]
[SourceVersion "1"]
[SourceVersionDate "2018.10.10"]
[SourceQuality "1"]

1. d4 d5 2. Nf3 e6 3. e3 Nf6 4. Bd3 b6 5. c4 Bb7 6. 0-0 Be7 7. b3 0-0 8. Bb2 Nbd7 9. cxd5 Nxd5 10. Nc3 N7f6 11. Nxd5 exd5 12. Rc1 Ne4 13. Ne5 Qd6 14. Qc2 c5 15. dxc5 bxc5 16. Bxe4 dxe4 17. Rfd1 Bd5 18. Nc4 Qe6 19. Nd2 Rac8 20. Nc4 Rfd8 21. h3 Qa6 22. Be5 Qe6 23. Bb2 f5 24. Qe2 Bg5 25. Ba3 f4 26. exf4 Bxf4 27. Ne3 Bb7 28. Qc4 Qxc4 29. Rxd8+ Rxd8 30. bxc4 Rd2 31. Bxc5 Rxa2 32. g3 Be5 33. Rd1 Bc6 34. Rd8+ Kf7 35. Rd1 a5 36. Bd4 Bc7 37. Nd5 Bd8 38. Ne3 Bg5 39. Ra1 Bxe3 40. fxe3 Rxa1+ 41. Bxa1 g6 42. Bd4 1/2-1/2